Christology of Peace (Record no. 11580)

MARC details
000 -LEADER
fixed length control field 00645nam a2200253 a 4500
020 ## - INTERNATIONAL STANDARD BOOK NUMBER
ISBN 080420X
082 00 - DEWEY DECIMAL CLASSIFICATION NUMBER
Classification number 232.8
Author Cutter WIL
100 ## - MAIN ENTRY--AUTHOR NAME
Author name Will, James E
245 ## - TITLE STATEMENT
Title Christology of Peace
260 ## - PUBLICATION, DISTRIBUTION, ETC. (IMPRINT)
Place of publication Atlanta
Name of publisher John Knox Press
Year of publication 1989
300 ## - PHYSICAL DESCRIPTION
Number of Pages 154p
500 ## - GENERAL NOTE
General note includes index and biblioraphy
505 2# - FORMATTED CONTENTS NOTE
Formatted contents note Notes
650 ## - SUBJECT ADDED ENTRY--TOPICAL TERM
Topical Term Jesus Christ-Person and Offices
650 ## - SUBJECT ADDED ENTRY--TOPICAL TERM
Topical Term Peace-Religious Aspect-Christianity
942 ## - ADDED ENTRY ELEMENTS (KOHA)
Koha item type Books
700 1# -
-- Will, James E
Holdings
Collection code Home library Current library Date acquired Cost, normal purchase price Full call number Accession Number Koha item type
  Henry Martyn Institute Library Henry Martyn Institute Library 04/12/2011 514.50 232.8 WIL 015097 Books
                   Copyright © 2026 | Henry Martyn Institute | Hyderabad | TS-500052 | INDIA | Implemented by hmi.edu.in
Hit-Count:

Powered by Koha